000 01311nam a22003737a 4500
003 CHAP
005 20220817043948.0
008 041006d2001 mx a r 00110 spa d
010 _a88889
011 _a89861
020 _a9706546111
035 _a100412
040 _cCHAP
090 _aFolleto 16802
100 0 0 _aFlores Macías, Antonio.
_941617
245 1 0 _aConsideraciones agronómicas en etapas fenológicas del maíz
_c/por Antonio Flores Macías
260 _aMéxico, D.F. :
_bUniversidad Autónoma Metropolitana. Unidad Xochimilco,
_c2001.
300 _a19 p. :
_bilus.
410 2 1 _aUniversidad Autónoma Metropolitana.
_bUnidad Xochimilco
490 0 _aManual CBS
_v; 11
590 _aBATCH-UPD
_b10
_c20130110
_lUCH01
_h0532
590 _aBATCH-UPD
_b10
_c20130410
_lUCH01
_h0212
590 _aBATCH-UPD
_b10
_c20130914
_lUCH01
_h1356
590 _aCONVERSION
_b10
_c20130109
_lUCH01
_h1349
650 1 4 _aFenología.
_940043
650 1 4 _aMaíz
_xEfecto del medio ambiente.
_970935
650 1 4 _aMaíz
_xProducción.
_971041
810 2 1 _aUniversidad Autónoma Metropolitana.
_bUnidad Xochimilco
830 0 0 _aManual CBS
_v; 11
_970601
901 _aBK
905 _aAlejandra Carrasco M.
942 _cFOLL
949 _aFolleto 16802
_bBC
_cFOLL
_d33724002003918
_eTS1
_i100412
_kI.c/e
_sb
_t$ 8.00
999 _c88889
_d88889